| 000 | 01035cam a22003133a 4500 | ||
|---|---|---|---|
| 001 | 16931 | ||
| 003 | PGUSA | ||
| 005 | 20140828083348.0 | ||
| 008 | 051023s2005||||xxu|||||s|||||000 | eng d | ||
| 040 |
_aPGUSA _beng |
||
| 042 | _adc | ||
| 050 | 4 | _aE151 | |
| 100 | 1 |
_aEliot, Charles William, _d1834-1926 |
|
| 245 | 1 | 0 |
_aFour American Leaders _h[electronic resource] / _cCharles William Eliot |
| 260 |
_bProject Gutenberg, _c2005 |
||
| 505 | 0 | _aFranklin -- Washington -- Channing -- Emerson. | |
| 506 | _aPublic domain in the USA. | ||
| 516 | _aElectronic text | ||
| 653 | _aChanning, William Ellery, 1780-1842 | ||
| 653 | _aClergy -- United States -- Biography | ||
| 653 | _aStatesmen -- United States -- Biography | ||
| 653 | _aFranklin, Benjamin, 1706-1790 | ||
| 653 | _aWashington, George, 1732-1799 | ||
| 653 | _aAuthors, American -- 19th century -- Biography | ||
| 653 | _aEmerson, Ralph Waldo, 1803-1882 | ||
| 830 | 0 |
_aProject Gutenberg _v16931 |
|
| 856 | 4 | 0 | _uhttp://www.gutenberg.org/ebooks/16931 |
| 942 | _cEB | ||
| 999 |
_c246186 _d246186 |
||